000 003690000a22001570004500
020 _a84-7645-696-4
041 0 _aSPA
082 0 4 _aG 862.7 C196n
100 1 _aCampillo, Fernando
245 1 0 _aNavidad en escena / Fernando Campillo
260 _aTerrassa, Barcelona, EspaƱa : CLIE
300 _a155 Pag
650 1 4 _aDRAMA CRISTIANO
001 4896
942 _cBK
999 _c35436
_d35436